[Event "127th NZ Congress Major 2020"]
[Site "Tauranga"]
[Date "2020.01.16"]
[Round "2.5"]
[White "Han, Allan"]
[Black "Dai, Oliver"]
[Result "0-1"]
[WhiteElo "1305"]
[BlackElo "1737"]
[Annotator "NA"]
[PlyCount "74"]
[EventDate "2020.01.14"]
[EventType "swiss"]
[EventCountry "NZL"]
[SourceTitle "playchess.com"]
[Source "ChessBase"]
[SourceQuality "1"]
[TimeControl "40/5400+30:1800+30"]

1. d4 {[%emt 0:00:00]} Nf6 {[%emt 0:00:00]} 2. c4 {[%emt 0:00:21]} e5 {[%emt 0:00:00]} 3. Bg5 {[%emt 0:01:53]} exd4 {[%emt 0:02:27]} 4. Qxd4 {[%emt 0:02:25]} Be7 {[%emt 0:00:55]} 5. Nc3 {[%emt 0:00:51]} Nc6 {[%emt 0:00:21]} 6. Qd2 {[%emt 0:02:43]} O-O {[%emt 0:00:30]} 7. Nf3 {[%emt 0:00:21]} d6 {[%emt 0:01:49]} 8. e3 {[%emt 0:09:37]} Bf5 {[%emt 0:02:16]} 9. Bd3 {[%emt 0:00:52]} Bxd3 {[%emt 0:01:55]} 10. Qxd3 {[%emt 0:00:19]} Nd7 {[%emt 0:02:34]} 11. Bxe7 {[%emt 0:02:08]} Nxe7 {[%emt 0:00:20]} 12. O-O {[%emt 0:01:26]} Ng6 {[%emt 0:00:48]} 13. b3 {[%emt 0:04:06]} Re8 {[%emt 0:03:41]} 14. Qd5 {[%emt 0:03:50]} Rb8 {[%emt 0:02:26]} 15. Rfd1 {[%emt 0:01:54]} Nf6 {[%emt 0:07:17]} 16. Qd4 {[%emt 0:03:36]} a6 {[%emt 0:05:27]} 17. Rd2 {[%emt 0:03:23]} Ne5 {[%emt 0:05:27]} 18. Nxe5 {[%emt 0:02:00]} dxe5 {[%emt 0:00:10]} 19. Qxd8 {[%emt 0:01:06]} Rbxd8 {[%emt 0:00:06]} 20. Rad1 {[%emt 0:01:17]} Rxd2 {[%emt 0:00:37]} 21. Rxd2 {[%emt 0:00:07]} Kf8 {[%emt 0:00:37]} 22. f3 {[%emt 0:01:54]} e4 {[%emt 0:02:58]} 23. fxe4 {[%emt 0:02:26]} Nxe4 {[%emt 0:00:27]} 24. Nxe4 {[%emt 0:00:14]} Rxe4 {[%emt 0:00:04]} 25. Kf2 {[%emt 0:00:07]} Ke7 {[%emt 0:00:12]} 26. Rd4 {[%emt 0:02:39]} Re5 {[%emt 0:09:00]} 27. b4 {[%emt 0:04:22]} c5 {[%emt 0:01:08]} 28. bxc5 {[%emt 0:00:42]} Rxc5 {[%emt 0:00:09]} 29. Rd5 {[%emt 0:00:32]} Rxc4 {[%emt 0:00:08]} 30. Ke2 {[%emt 0:00:58]} Rc2+ {[%emt 0:00:16]} 31. Rd2 {[%emt 0:00:09]} Rxd2+ {[%emt 0:00:04]} 32. Kxd2 {[%emt 0:00:05]} Kd6 {[%emt 0:00:11]} 33. Kd3 {[%emt 0:00:22]} Ke5 {[%emt 0:00:05]} 34. g4 {[%emt 0:00:39]} g6 {[%emt 0:00:22]} 35. h3 {[%emt 0:01:05]} f5 {[%emt 0:00:07]} 36. e4 {[%emt 0:02:27]} fxe4+ {[%emt 0:00:13]} 37. Ke3 {[%emt 0:00:07]} g5 {[%emt 0:00:12]} 0-1

[Event "127th NZ Congress Major 2020"]
[Site "Tauranga"]
[Date "2020.01.16"]
[Round "3.1"]
[White "Dai, Oliver"]
[Black "Patterson, Miles"]
[Result "1/2-1/2"]
[WhiteElo "1737"]
[BlackElo "1954"]
[Annotator "NA"]
[PlyCount "65"]
[EventDate "2020.01.14"]
[EventType "swiss"]
[EventCountry "NZL"]
[SourceTitle "playchess.com"]
[Source "ChessBase"]
[SourceQuality "1"]
[TimeControl "40/5400+30:1800+30"]

1. e4 {[%emt 0:00:00]} e6 {[%emt 0:00:00]} 2. d4 {[%emt 0:00:00]} d5 {[%emt 0:00:00]} 3. Nd2 {[%emt 0:00:00]} Nf6 {[%emt 0:00:15]} 4. e5 {[%emt 0:00:10]} Nfd7 {[%emt 0:00:14]} 5. Bd3 {[%emt 0:00:13]} c5 {[%emt 0:00:23]} 6. c3 {[%emt 0:00:08]} Nc6 {[%emt 0:00:37]} 7. Ngf3 {[%emt 0:00:15]} g6 {[%emt 0:00:36]} 8. O-O {[%emt 0:00:13]} Bg7 {[%emt 0:00:12]} 9. Re1 {[%emt 0:01:15]} O-O {[%emt 0:00:13]} 10. Bf1 {[%emt 0:04:30]} cxd4 {[%emt 0:03:00]} 11. cxd4 {[%emt 0:00:11]} f6 {[%emt 0:00:31]} 12. exf6 {[%emt 0:03:33]} Nxf6 {[%emt 0:00:16]} 13. Nb3 {[%emt 0:01:15]} b6 {[%emt 0:06:21]} 14. Bg5 {[%emt 0:03:19]} Qd6 {[%emt 0:01:17]} 15. Bxf6 {[%emt 0:03:12]} Bxf6 {[%emt 0:02:15]} 16. Rc1 {[%emt 0:03:49]} Bd7 {[%emt 0:03:03]} 17. Bb5 {[%emt 0:03:28]} Rac8 {[%emt 0:04:07]} 18. Qe2 {[%emt 0:02:52]} Rfe8 {[%emt 0:04:13]} 19. a3 {[%emt 0:06:13]} Kg7 {[%emt 0:08:43]} 20. Bxc6 {[%emt 0:03:13]} Rxc6 {[%emt 0:01:39]} 21. Ne5 {[%emt 0:03:16]} Rxc1 {[%emt 0:03:47]} 22. Rxc1 {[%emt 0:00:57]} Ba4 {[%emt 0:01:17]} 23. Nd2 {[%emt 0:06:52]} Bxe5 {[%emt 0:04:15]} 24. Qxe5+ {[%emt 0:01:59]} Qxe5 {[%emt 0:00:07]} 25. dxe5 {[%emt 0:00:04]} Re7 {[%emt 0:00:55]} 26. Nf3 {[%emt 0:00:29]} h6 {[%emt 0:01:57]} 27. Nd4 {[%emt 0:01:20]} Kf7 {[%emt 0:01:37]} 28. b3 {[%emt 0:01:43]} Be8 {[%emt 0:00:11]} 29. f4 {[%emt 0:02:04]} Rb7 {[%emt 0:01:20]} 30. Kf2 {[%emt 0:00:50]} Bd7 {[%emt 0:03:33]} 31. g4 {[%emt 0:02:56]} a6 {[%emt 0:01:37]} 32. h4 {[%emt 0:02:32]} Ra7 {[%emt 0:10:30]} 33. Ke3 {[%emt 0:43:39]} 1/2-1/2

[Event "127th NZ Congress Major 2020"]
[Site "Tauranga"]
[Date "2020.01.16"]
[Round "3.2"]
[White "Gold, Hamish"]
[Black "Tang, Hao"]
[Result "0-1"]
[WhiteElo "1670"]
[BlackElo "1624"]
[Annotator "NA"]
[PlyCount "82"]
[EventDate "2020.01.14"]
[EventType "swiss"]
[EventCountry "NZL"]
[SourceTitle "playchess.com"]
[Source "ChessBase"]
[SourceQuality "1"]
[TimeControl "40/5400+30:1800+30"]

1. e3 {[%emt 0:00:00]} Nf6 {[%emt 0:03:08]} 2. d4 {[%emt 0:00:42]} e6 {[%emt 0:00:15]} 3. f4 {[%emt 0:01:34]} c5 {[%emt 0:00:34]} 4. Nf3 {[%emt 0:01:30]} Nc6 {[%emt 0:00:37]} 5. c3 {[%emt 0:00:47]} b6 {[%emt 0:01:02]} 6. Bd3 {[%emt 0:01:59]} Bb7 {[%emt 0:00:17]} 7. O-O {[%emt 0:01:14]} Be7 {[%emt 0:01:02]} 8. Nbd2 {[%emt 0:00:53]} d5 {[%emt 0:01:03]} 9. Ne5 {[%emt 0:01:41]} O-O {[%emt 0:01:23]} 10. Rf3 {[%emt 0:04:19]} Nxe5 {[%emt 0:06:46]} 11. fxe5 {[%emt 0:09:54]} Ne4 {[%emt 0:00:40]} 12. Rh3 {[%emt 0:01:13]} f5 {[%emt 0:20:07]} 13. Bxe4 {[%emt 0:07:11]} fxe4 {[%emt 0:00:53]} 14. Qh5 {[%emt 0:01:02]} h6 {[%emt 0:07:13]} 15. Qg6 {[%emt 0:04:12]} Kh8 {[%emt 0:03:01]} 16. Rg3 {[%emt 0:07:50]} Rg8 {[%emt 0:01:01]} 17. Qxe6 {[%emt 0:00:59]} Qf8 {[%emt 0:11:37]} 18. Qd7 {[%emt 0:03:42]} Rb8 {[%emt 0:05:00]} 19. Nf1 {[%emt 0:08:14]} Bh4 {[%emt 0:01:02]} 20. Bd2 {[%emt 0:02:27]} Bxg3 {[%emt 0:06:31]} 21. Nxg3 {[%emt 0:00:36]} Qe8 {[%emt 0:00:36]} 22. Qc7 {[%emt 0:06:12]} Rf8 {[%emt 0:02:05]} 23. Rf1 {[%emt 0:01:44]} Rxf1+ {[%emt 0:01:56]} 24. Kxf1 {[%emt 0:01:35]} Ba6+ {[%emt 0:05:15]} 25. Kg1 {[%emt 0:04:59]} Rb7 {[%emt 0:01:31]} 26. Qd6 {[%emt 0:01:26]} Rd7 {[%emt 0:03:10]} 27. Qc6 {[%emt 0:01:00]} Rd8 {[%emt 0:00:23]} 28. Qc7 {[%emt 0:03:30]} Qd7 {[%emt 0:00:42]} 29. Qxd7 {[%emt 0:00:31]} Rxd7 {[%emt 0:00:02]} 30. h3 {[%emt 0:00:40]} Rf7 {[%emt 0:00:17]} 31. Be1 {[%emt 0:01:09]} g6 {[%emt 0:00:58]} 32. Kh2 {[%emt 0:02:07]} Kg7 {[%emt 0:00:38]} 33. h4 {[%emt 0:01:39]} Kf8 {[%emt 0:00:23]} 34. Nh1 {[%emt 0:01:10]} Rf1 {[%emt 0:03:19]} 35. Bg3 {[%emt 0:00:20]} Rb1 {[%emt 0:00:18]} 36. Bf4 {[%emt 0:00:44]} h5 {[%emt 0:01:29]} 37. Nf2 {[%emt 0:04:59]} Bc8 {[%emt 0:00:12]} 38. Kg3 {[%emt 0:00:24]} Rxb2 {[%emt 0:00:18]} 39. Nh3 {[%emt 0:01:33]} Bxh3 {[%emt 0:00:09]} 40. gxh3 {[%emt 0:00:00]} Rxa2 {[%emt 0:00:00]} 41. Bg5 {[%emt 0:00:22]} Kf7 {[%emt 0:01:04]} 0-1

[Event "127th NZ Congress Major 2020"]
[Site "Tauranga"]
[Date "2020.01.16"]
[Round "3.3"]
[White "Ashe, Michael"]
[Black "McDougall, Euan"]
[Result "1-0"]
[WhiteElo "1460"]
[BlackElo "1679"]
[Annotator "NA"]
[PlyCount "117"]
[EventDate "2020.01.14"]
[EventType "swiss"]
[EventCountry "NZL"]
[SourceTitle "playchess.com"]
[Source "ChessBase"]
[SourceQuality "1"]
[TimeControl "40/5400+30:1800+30"]

1. d4 {[%emt 0:00:00]} Nf6 {[%emt 0:00:00]} 2. c4 {[%emt 0:00:00]} c5 {[%emt 0:00:00]} 3. d5 {[%emt 0:00:14]} g6 {[%emt 0:00:09]} 4. Nc3 {[%emt 0:00:23]} Bg7 {[%emt 0:00:05]} 5. e4 {[%emt 0:01:14]} d6 {[%emt 0:00:06]} 6. Bg5 {[%emt 0:00:50]} O-O {[%emt 0:00:07]} 7. h3 {[%emt 0:00:53]} Qa5 {[%emt 0:00:12]} 8. Bd2 {[%emt 0:02:19]} a6 {[%emt 0:00:20]} 9. Nf3 {[%emt 0:05:55]} Bd7 {[%emt 0:02:20]} 10. a4 {[%emt 0:03:52]} Qc7 {[%emt 0:00:13]} 11. Bd3 {[%emt 0:02:10]} Ne8 {[%emt 0:00:19]} 12. Qc2 {[%emt 0:02:27]} f5 {[%emt 0:00:19]} 13. exf5 {[%emt 0:03:33]} Bxf5 {[%emt 0:00:03]} 14. Bxf5 {[%emt 0:02:38]} Rxf5 {[%emt 0:00:01]} 15. Ng5 {[%emt 0:05:59]} e5 {[%emt 0:01:42]} 16. dxe6 {[%emt 0:07:06]} Qe7 {[%emt 0:00:13]} 17. Nd5 {[%emt 0:06:33]} Qd8 {[%emt 0:01:14]} 18. Nf7 {[%emt 0:02:23]} Rxf7 {[%emt 0:02:00]} 19. exf7+ {[%emt 0:01:48]} Kxf7 {[%emt 0:00:01]} 20. O-O {[%emt 0:01:52]} Nc6 {[%emt 0:00:26]} 21. Bc3 {[%emt 0:06:03]} Nd4 {[%emt 0:00:11]} 22. Bxd4 {[%emt 0:01:20]} Bxd4 {[%emt 0:00:02]} 23. Rfe1 {[%emt 0:00:48]} Nf6 {[%emt 0:01:08]} 24. Re7+ {[%emt 0:02:35]} Kf8 {[%emt 0:00:04]} 25. Rxb7 {[%emt 0:02:57]} Qc8 {[%emt 0:00:06]} 26. Rc7 {[%emt 0:02:35]} Qb8 {[%emt 0:00:04]} 27. Qe2 {[%emt 0:04:46]} Nxd5 {[%emt 0:00:32]} 28. Rxh7 {[%emt 0:02:14]} Kg8 {[%emt 0:01:24]} 29. Rd7 {[%emt 0:04:24]} Nf6 {[%emt 0:00:12]} 30. Qe6+ {[%emt 0:01:21]} Kh8 {[%emt 0:00:02]} 31. Rxd6 {[%emt 0:04:01]} Qe8 {[%emt 0:00:24]} 32. Rb1 {[%emt 0:05:33]} Qxe6 {[%emt 0:00:46]} 33. Rxe6 {[%emt 0:00:29]} Kg7 {[%emt 0:00:10]} 34. Kf1 {[%emt 0:03:14]} a5 {[%emt 0:00:11]} 35. Rb6 {[%emt 0:01:12]} Ne4 {[%emt 0:00:06]} 36. Rd1 {[%emt 0:03:11]} Nxf2 {[%emt 0:00:13]} 37. Rxd4 {[%emt 0:00:57]} cxd4 {[%emt 0:00:23]} 38. Kxf2 {[%emt 0:00:11]} Rd8 {[%emt 0:00:28]} 39. Ke2 {[%emt 0:01:10]} Kh6 {[%emt 0:00:32]} 40. Rb5 {[%emt 0:00:00]} d3+ {[%emt 0:00:00]} 41. Kd2 {[%emt 0:01:17]} Rd4 {[%emt 0:01:17]} 42. b3 {[%emt 0:01:26]} Rf4 {[%emt 0:00:52]} 43. Kxd3 {[%emt 0:06:56]} Rf2 {[%emt 0:00:04]} 44. c5 {[%emt 0:00:28]} Rxg2 {[%emt 0:00:12]} 45. c6 {[%emt 0:00:13]} Rg3+ {[%emt 0:00:03]} 46. Kc4 {[%emt 0:00:34]} Rg1 {[%emt 0:00:06]} 47. Kc5 {[%emt 0:00:19]} Rf1 {[%emt 0:00:13]} 48. Kb6 {[%emt 0:00:35]} g5 {[%emt 0:00:13]} 49. c7 {[%emt 0:00:39]} g4 {[%emt 0:00:15]} 50. hxg4 {[%emt 0:00:21]} Rf8 {[%emt 0:00:30]} 51. Kb7 {[%emt 0:00:15]} Kg7 {[%emt 0:00:03]} 52. c8=Q {[%emt 0:00:52]} Rf7+ {[%emt 0:00:11]} 53. Qc7 {[%emt 0:00:15]} Kh8 {[%emt 0:00:11]} 54. Rxa5 {[%emt 0:00:28]} Rf8 {[%emt 0:00:21]} 55. Ra8 {[%emt 0:00:50]} Kg8 {[%emt 0:00:11]} 56. Rxf8+ {[%emt 0:00:26]} Kxf8 {[%emt 0:00:01]} 57. g5 {[%emt 0:00:35]} Kg8 {[%emt 0:00:14]} 58. g6 {[%emt 0:00:10]} Kf8 {[%emt 0:00:02]} 59. Qf7# {[%emt 0:00:11]} 1-0

[Event "127th NZ Congress Major 2020"]
[Site "Tauranga"]
[Date "2020.01.16"]
[Round "3.4"]
[White "Tang, Tracy"]
[Black "Henry, Paul"]
[Result "0-1"]
[WhiteElo "1319"]
[BlackElo "2375"]
[Annotator "TA"]
[PlyCount "92"]
[EventDate "2020.01.14"]
[EventType "swiss"]
[EventCountry "NZL"]
[SourceTitle "playchess.com"]
[Source "ChessBase"]
[SourceQuality "1"]

{[%evp 13,91,29,40,-16,-8,-47,-31,-50,-39,-50,-57,-153,-148,-185,-199,-183,-156,-176,-170,-206,-218,-239,-233,-227,-229,-224,-227,-209,-170,-258,-263,-322,-299,-375,-293,-375,-372,-516,-517,-727,-728,-727,-727,-725,-723,-694,-688,-691,-685,-673,-488,-734,-685,-573,-567,-1700,-1689,-1576,-1458,-5534,-2395,-29981,-29982,-29983,-29984,-29984,-29985,-29988,-29989,-29990,-29991,-29992,-29993,-29996,-29997,-29997,-29997,-29998,-29999,-29999]} 1. d4 Nf6 2. c4 g6 3. Nc3 d5 4. cxd5 Nxd5 5. e4 Nxc3 6. bxc3 Bg7 7. Nf3 c5 8. Bf4 {D85: Exchange Grünfeld: Unusual White 7th moves and lines with 7 Nf3} (8. Be3 $14) (8. Bb5+ Nc6 9. O-O O-O 10. Bxc6 bxc6 11. Be3 Qa5 12. Qd2 {½-½ (12) Wang,H (2756)-Vachier Lagrave,M (2780) Moscow 2019}) 8... O-O $11 9. Be2 Nc6 {[%cal Rc5d4]} 10. Be3 {Black is slightly better.} Bg4 11. e5 $1 Qa5 {Hoping for ...Bxf3.} 12. Qd2 ({White should try} 12. O-O $15) 12... Rfd8 13. h3 $146 ({Predecessor:} 13. Rd1 Bxf3 14. Bxf3 Nxe5 15. Qe2 cxd4 16. Bxd4 Rxd4 {0-1 (32) Kale,S (1076)-Karthikeyan,P (2387) Aurangabad 2018}) 13... Bxf3 14. Bxf3 {[#]} Bxe5 $1 {[%cal Rc5d4][%mdl 512]} 15. Rb1 (15. dxe5 Rxd2) 15... Rab8 16. Bxc6 bxc6 17. O-O Rxb1 18. Rxb1 cxd4 19. cxd4 Qxd2 20. Bxd2 Rxd4 $19 {[%mdl 4096] Endgame KRB-KRB} 21. Be3 (21. Bc3 $142 Rd5 22. Bxe5 Rxe5 23. Rb7) 21... Ra4 22. Rc1 Rxa2 23. f4 Re2 24. Bxa7 Bxf4 25. Rxc6 Bg3 {[%cal Re2e1]} 26. Rc1 Re1+ 27. Rxe1 Bxe1 {KB-KB} 28. Kf1 Bb4 29. Ke2 e5 30. Ke3 f5 31. Bb8 Bc3 32. Bc7 (32. Kd3 $142 Bb2 33. Kc4) 32... Kf7 33. Kd3 Bd4 34. g3 Ke6 35. Ba5 Kd5 36. Be1 g5 37. Bd2 f4 {Black mates.} 38. gxf4 gxf4 39. Ke2 Ke4 40. Bc1 f3+ 41. Kf1 Kd3 42. Ba3 e4 43. Bd6 e3 44. Bg3 e2+ 45. Ke1 {[#]} f2+ $1 46. Bxf2 Bc3# {Accuracy: White = 11%, Black = 92%.} 0-1

[Event "127th NZ Congress Major 2020"]
[Site "Tauranga"]
[Date "2020.01.16"]
[Round "3.5"]
[White "Carpinter, Bernard"]
[Black "Pakenham, John"]
[Result "1-0"]
[WhiteElo "1708"]
[BlackElo "1624"]
[Annotator "NA"]
[PlyCount "93"]
[EventDate "2020.01.14"]
[EventType "swiss"]
[EventCountry "NZL"]
[SourceTitle "playchess.com"]
[Source "ChessBase"]
[SourceQuality "1"]
[TimeControl "40/5400+30:1800+30"]

1. Nf3 {[%emt 0:00:00]} Nf6 {[%emt 0:00:00]} 2. d4 {[%emt 0:00:22]} d5 {[%emt 0:00:26]} 3. g3 {[%emt 0:00:20]} g6 {[%emt 0:00:16]} 4. Bg2 {[%emt 0:00:34]} Bg7 {[%emt 0:00:15]} 5. O-O {[%emt 0:00:12]} O-O {[%emt 0:00:15]} 6. c4 {[%emt 0:00:35]} e6 {[%emt 0:01:05]} 7. Qc2 {[%emt 0:02:01]} dxc4 {[%emt 0:01:36]} 8. Qxc4 {[%emt 0:01:10]} Nbd7 {[%emt 0:01:04]} 9. Bf4 {[%emt 0:01:17]} c6 {[%emt 0:01:28]} 10. Nc3 {[%emt 0:00:55]} Nb6 {[%emt 0:01:29]} 11. Qb3 {[%emt 0:00:10]} Nfd5 {[%emt 0:01:44]} 12. Bg5 {[%emt 0:00:26]} Bf6 {[%emt 0:02:54]} 13. Bxf6 {[%emt 0:01:10]} Qxf6 {[%emt 0:01:09]} 14. e4 {[%emt 0:03:54]} Nc7 {[%emt 0:01:10]} 15. Rfd1 {[%emt 0:01:55]} Rd8 {[%emt 0:01:29]} 16. a4 {[%emt 0:00:26]} Nd7 {[%emt 0:02:23]} 17. Rac1 {[%emt 0:04:40]} b6 {[%emt 0:02:13]} 18. e5 {[%emt 0:03:30]} Qe7 {[%emt 0:03:54]} 19. Ne4 {[%emt 0:00:14]} Nb8 {[%emt 0:01:39]} 20. a5 {[%emt 0:06:22]} Nd5 {[%emt 0:02:04]} 21. Nd6 {[%emt 0:03:53]} Bd7 {[%emt 0:01:53]} 22. Nd2 {[%emt 0:00:26]} b5 {[%emt 0:03:06]} 23. N2e4 {[%emt 0:02:08]} Na6 {[%emt 0:01:33]} 24. h4 {[%emt 0:07:56]} h6 {[%emt 0:02:19]} 25. Qf3 {[%emt 0:05:06]} Kg7 {[%emt 0:01:45]} 26. Nb7 {[%emt 0:03:34]} Rf8 {[%emt 0:03:43]} 27. Nbc5 {[%emt 0:05:25]} Nxc5 {[%emt 0:01:23]} 28. Nxc5 {[%emt 0:01:00]} Be8 {[%emt 0:00:38]} 29. Qg4 {[%emt 0:01:09]} Rb8 {[%emt 0:05:19]} 30. h5 {[%emt 0:05:10]} Qg5 {[%emt 0:03:29]} 31. Qxg5 {[%emt 0:01:57]} hxg5 {[%emt 0:00:05]} 32. hxg6 {[%emt 0:03:37]} Kxg6 {[%emt 0:01:14]} 33. Be4+ {[%emt 0:04:06]} Kg7 {[%emt 0:00:30]} 34. Kg2 {[%emt 0:01:47]} Nc7 {[%emt 0:01:54]} 35. Rh1 {[%emt 0:01:11]} f5 {[%emt 0:00:15]} 36. exf6+ {[%emt 0:00:13]} Kxf6 {[%emt 0:00:28]} 37. Rh6+ {[%emt 0:00:33]} Ke7 {[%emt 0:00:30]} 38. Rh7+ {[%emt 0:01:05]} Rf7 {[%emt 0:01:43]} 39. Rch1 {[%emt 0:00:34]} Nd5 {[%emt 0:01:39]} 40. Bg6 {[%emt 0:00:00]} Nf6 {[%emt 0:00:00]} 41. Rh8 {[%emt 0:13:03]} Rg7 {[%emt 0:05:02]} 42. Bxe8 {[%emt 0:00:59]} Nxe8 {[%emt 0:00:38]} 43. R1h6 {[%emt 0:02:41]} b4 {[%emt 0:02:59]} 44. Rxe6+ {[%emt 0:07:15]} Kf7 {[%emt 0:00:10]} 45. Rxc6 {[%emt 0:00:15]} Rb5 {[%emt 0:00:36]} 46. Nb3 {[%emt 0:00:19]} Rf5 {[%emt 0:01:38]} 47. Ra6 {[%emt 0:00:34]} 1-0

[Event "127th NZ Congress Major 2020"]
[Site "Tauranga"]
[Date "2020.01.17"]
[Round "4.1"]
[White "Tang, Hao"]
[Black "Ashe, Michael"]
[Result "1-0"]
[WhiteElo "1624"]
[BlackElo "1460"]
[Annotator "NA RC"]
[PlyCount "77"]
[EventDate "2020.01.14"]
[EventType "swiss"]
[EventCountry "NZL"]
[SourceTitle "playchess.com"]
[Source "ChessBase"]
[SourceQuality "1"]
[TimeControl "40/5400+30:1800+30"]

1. d4 {[%emt 0:00:00]} Nf6 {[%emt 0:00:00]} 2. Nf3 {[%emt 0:00:00]} e6 {[%emt 0:00:12]} 3. Bf4 {[%emt 0:00:00]} d5 {[%emt 0:01:57]} 4. c4 {[%emt 0:00:08]} c6 {[%emt 0:02:44]} 5. Nc3 {[%emt 0:00:31]} Bb4 {[%emt 0:04:44]} 6. e3 {[%emt 0:01:36]} Ne4 {[%emt 0:05:21]} 7. Qb3 {[%emt 0:01:35]} Bxc3+ {[%emt 0:05:24]} 8. bxc3 {[%emt 0:00:14]} O-O {[%emt 0:01:05]} 9. cxd5 {[%emt 0:00:59]} cxd5 {[%emt 0:01:10]} 10. Bd3 {[%emt 0:00:31]} Nf6 {[%emt 0:02:00]} 11. h3 {[%emt 0:01:09]} b6 {[%emt 0:02:11]} 12. O-O {[%emt 0:00:31]} Ba6 {[%emt 0:00:49]} 13. Bxa6 {[%emt 0:03:00]} Nxa6 {[%emt 0:00:09]} 14. Ne5 {[%emt 0:06:34]} Nb8 {[%emt 0:05:03]} 15. c4 {[%emt 0:01:55]} Nbd7 {[%emt 0:04:32]} 16. Nc6 {[%emt 0:07:37]} Qe8 {[%emt 0:05:35]} 17. Bd6 {[%emt 0:03:00]} Kh8 {[%emt 0:04:08]} 18. Bxf8 {[%emt 0:00:40]} Qxf8 {[%emt 0:01:11]} 19. cxd5 {[%emt 0:02:03]} Nxd5 {[%emt 0:02:07]} 20. e4 {[%emt 0:05:38]} N5f6 {[%emt 0:02:24]} 21. Rfe1 {[%emt 0:00:58]} Qc8 {[%emt 0:04:03]} 22. Rac1 {[%emt 0:01:27]} Qb7 {[%emt 0:00:55]} 23. d5 {[%emt 0:06:36]} Re8 {[%emt 0:03:27]} 24. d6 {[%emt 0:04:01]} Qa8 {[%emt 0:03:30]} 25. e5 {[%emt 0:11:34]} Nd5 {[%emt 0:02:12]} 26. Qa4 {[%emt 0:10:03]} Nc5 {[%emt 0:02:21]} 27. Rxc5 {[%emt 0:02:13]} bxc5 {[%emt 0:01:35]} 28. d7 {[%emt 0:00:19]} Rf8 {[%emt 0:04:58]} 29. Qa5 {[%emt 0:06:08]} Nb6 {[%emt 0:02:45]} 30. d8=Q {[%emt 0:04:13]} Rxd8 {[%emt 0:01:27]} 31. Nxd8 {[%emt 0:00:07]} Qxd8 {[%emt 0:00:20]} 32. Qxc5 {[%emt 0:00:27]} h6 {[%emt 0:04:43]} 33. Rc1 {[%emt 0:00:42]} Kg8 {[%emt 0:03:18]} 34. Qd6 {[%emt 0:01:24]} Qg5 {[%emt 0:02:49]} 35. Rb1 {[%emt 0:05:26]} Nc4 {[%emt 0:03:40]} 36. Rb8+ {[%emt 0:00:57]} Kh7 {[%emt 0:00:16]} 37. Qd3+ {[%emt 0:00:07]} g6 {[%emt 0:01:34]} 38. Qxc4 {[%emt 0:00:24]} Qxe5 {[%emt 0:00:15]} 39. Rb1 {[%emt 0:00:41]} 1-0

[Event "127th NZ Congress Major 2020"]
[Site "Tauranga"]
[Date "2020.01.17"]
[Round "4.2"]
[White "Patterson, Miles"]
[Black "Carpinter, Bernard"]
[Result "1/2-1/2"]
[WhiteElo "1954"]
[BlackElo "1708"]
[Annotator "NA RC"]
[PlyCount "87"]
[EventDate "2020.01.14"]
[EventType "swiss"]
[EventCountry "NZL"]
[SourceTitle "playchess.com"]
[Source "ChessBase"]
[SourceQuality "1"]
[TimeControl "40/5400+30:1800+30"]

{[%evp 8,78,18,-6,4,-26,-15,-2,7,0,0,-12,41,33,37,35,46,20,31,49,25,49,39,26,15,13,22,17,23,32767,32767,32767,32767,10,10,12,13,16,32,21,16,0,38,0,0,0,0,0,0,0,62,57,57,55,52,45,61,37,78,84,74,82,85,93,93,103,81,100,32767,8,41,0,8]} 1. c4 {[%emt 0:00:00]} c5 {[%emt 0:00:00]} 2. Nf3 {[%emt 0:00:00]} Nf6 {[%emt 0:00:00]} 3. Nc3 {[%emt 0:00:12]} d5 {[%emt 0:00:26]} 4. cxd5 {[%emt 0:00:13]} Nxd5 {[%emt 0:00:07]} 5. Nxd5 {[%emt 0:02:51]} Qxd5 {[%emt 0:00:10]} 6. g3 {[%emt 0:00:28]} Nc6 {[%emt 0:02:51]} 7. Bg2 {[%emt 0:01:17]} e5 {[%emt 0:00:11]} 8. d3 {[%emt 0:00:44]} Be7 {[%emt 0:03:00]} 9. O-O {[%emt 0:00:16]} Be6 {[%emt 0:00:55] A34: Symmetrical English: 2 Nc3, lines with ...d5} (9... O-O 10. Be3 Qe6 11. Rc1 Nd4 12. a3 Bd7 13. Nxd4 exd4 14. Bd2 Rac8 15. e3 dxe3 16. Bxe3 Bc6 17. Bxc6 Rxc6 18. Qa4 a6 {0-1 (36) Zhigalko,A (2566)-Le,Q (2664) Moscow 2011}) 10. Ng5 $146 {[%emt 0:02:38]} ({Predecessor:} 10. e4 Qd7 11. b3 O-O 12. Rb1 Rad8 13. Bb2 f6 14. Ne1 Nb4 15. a3 Nxd3 16. Nxd3 Qxd3 17. Qxd3 Rxd3 {0-1 (29) Kotula,K-Dudel,M Kolobrzeg 2001}) 10... Qd7 {[%emt 0:00:13]} 11. Nxe6 {[%emt 0:00:08]} Qxe6 {[%emt 0:00:08]} 12. Qa4 {[%emt 0:02:16]} Rc8 {[%emt 0:02:17]} 13. Be3 {[%emt 0:02:31]} O-O {[%emt 0:01:18]} 14. Rac1 {[%emt 0:02:55]} b6 {[%emt 0:01:20]} 15. a3 {[%emt 0:09:25]} (15. Bxc6 $5 Rxc6 16. Qxa7 $14) 15... a5 {[%emt 0:01:30]} 16. Bxc6 {[%emt 0:10:14]} Qxc6 {[%emt 0:03:21]} 17. Qxc6 {[%emt 0:00:26]} Rxc6 {[%emt 0:00:07]} 18. b4 {[%emt 0:00:30]} axb4 {[%emt 0:00:21]} 19. axb4 {[%emt 0:00:05]} Rfc8 {[%emt 0:00:12]} 20. bxc5 {[%emt 0:00:18]} Bxc5 {[%emt 0:00:25]} 21. Bxc5 {[%emt 0:00:19]} Rxc5 {[%emt 0:00:11]} 22. Rb1 {[%emt 0:08:15]} Rb8 {[%emt 0:08:49]} 23. Rb2 {[%emt 0:01:22]} Kf8 {[%emt 0:00:13]} 24. Rfb1 {[%emt 0:00:05]} Rc6 {[%emt 0:00:07]} 25. f4 {[%emt 0:00:39]} exf4 {[%emt 0:00:58]} 26. gxf4 {[%emt 0:00:06]} Rg6+ {[%emt 0:00:28]} 27. Kf2 {[%emt 0:00:29]} Rh6 {[%emt 0:00:24]} 28. Kg3 {[%emt 0:00:07]} f5 {[%emt 0:05:15]} (28... Rg6+ $11 29. Kf3 Rh6) 29. Rb5 {[%emt 0:00:41]} Rf6 {[%emt 0:00:08]} 30. Kf3 {[%emt 0:04:00]} g6 {[%emt 0:00:49]} 31. h4 {[%emt 0:01:24]} Ke8 {[%emt 0:15:12]} 32. h5 {[%emt 0:00:26]} Kd8 {[%emt 0:00:14]} 33. hxg6 {[%emt 0:00:07]} hxg6 {[%emt 0:00:08]} 34. e4 {[%emt 0:01:21]} fxe4+ {[%emt 0:00:18]} 35. dxe4 {[%emt 0:00:05]} Kc7 {[%emt 0:00:40]} 36. e5 {[%emt 0:07:26]} Rc6 {[%emt 0:05:01]} 37. Kg4 {[%emt 0:01:30]} Rf8 {[%emt 0:02:45] [#]} 38. R1b4 {[%emt 0:03:18]} (38. R5b4 $1 $16) 38... Rf5 {[%emt 0:00:42]} 39. Rd5 {[%emt 0:01:41]} Rc1 $11 {[%emt 0:12:30]} 40. Rd3 {[%emt 0:00:00]} Rg1+ {[%emt 0:00:00]} 41. Rg3 {[%emt 0:23:07]} Rxg3+ {[%emt 0:02:30]} 42. Kxg3 {[%emt 0:00:01]} g5 {[%emt 0:00:36]} 43. Kg4 {[%emt 0:00:28]} Rxf4+ {[%emt 0:00:20]} 44. Rxf4 {[%emt 0:00:12]} 1/2-1/2